Filmsongs den Filmen zuordnen - Volume 2 - Statistiken

Allgemein
  • Dieses Quiz wurde 256 mal gespielt
  • Das Durchschnittsergebnis liegt bei 6 aus 19
Antwortstatistiken
Jahr Song Film % Korrekt
1994 Hakuna Matata Der König der Löwen
94%
2012 Skyfall James Bond
89%
2023 I'm just Ken Barbie
88%
2008 Dancing Queen Mamma Mia!
67%
2021 We don't talk about Bruno / Nur kein Wort über Bruno Encanto
54%
1964 A Spoonful of Sugar / Wenn ein Löffelchen voll Zucker Mary Poppins
46%
2017 This is me Greatest Showman
39%
2006 Start of Something New High School Musical
34%
2010 Welcome to Burlesque Burlesque
28%
2001 I'm a Believer Shrek
23%
2000 Can't fight the Moonlight Coyote Ugly
15%
2022 Hold my Hand Top Gun Maverick
13%
1965 Do-Re-Mi The Sound of Music
10%
1990 Shoop Shoop Song Meerungfrauen küssen besser
9%
2007 You can't stop the Beat Hairspray
8%
1993 I got you, Babe Und täglich grüßt das Murmeltier
8%
1988 Banana Boat Song (Day-O) Beetlejuice
6%
1998 When you believe Der Prinz von Ägypten
4%
1984 I just called to say I love you Die Frau in Rot
4%
Keine übereinstimmenden Quizze gefunden
Verteilung der Resultate
Anzahl Personen mit jedem Resultat
Perzentil nach korrekt beantworteten Fragen
Ihre Resultats-Entwicklung
Sie haben dieses Quiz noch nicht gespielt